[Event "HUN-ch U16/18 Girls"]
[Site "Buek"]
[Date "2023.06.21"]
[Round "3"]
[White "Nyuli, Leila"]
[Black "Buri, Kata"]
[Result "0-1"]
[WhiteElo "1384"]
[BlackElo "1877"]
[PlyCount "86"]
[EventDate "2023.06.17"]
[EventType "swiss"]
[EventRounds "9"]
[EventCountry "HUN"]
[SourceTitle "CBM 215 Extra"]
[Source "ChessBase"]
[SourceDate "2023.09.30"]
[SourceVersion "1"]
[SourceVersionDate "2023.09.30"]
[SourceQuality "1"]

1. e4 c6 2. d4 d5 3. Nc3 dxe4 4. Nxe4 Nf6 5. Nxf6+ exf6 6. c3 Bd6 7. Bd3 0-0 8. Qc2 Re8+ 9. Ne2 h5 10. 0-0 h4 11. h3 Nd7 12. Be3 Nf8 13. Rad1 Be6 14. b3 Qc8 15. Bf4 Qc7 16. Qd2 Ng6 17. Bxd6 Qxd6 18. Rfe1 Rad8 19. Qc2 Ne7 20. Bh7+ Kh8 21. d5 cxd5 22. Rd4 g6 23. Nf4 Bf5 24. Qd2 Kxh7 25. Ne6 g5 26. Nxd8 Rxd8 27. c4 Be6 28. Qe2 Nc6 29. Rd2 d4 30. Qf3 Kg7 31. Qe4 Qb4 32. Red1 a5 33. Qe1 d3 34. Qe4 Ne5 35. f4 Qb6+ 36. Kh1 Rd4 37. Qe3 gxf4 38. Qf2 f3 39. gxf3 Qd6 40. f4 Ng6 41. f5 Rf4 42. Qg2 Bxf5 43. Qxb7 Be4+ 0-1